Normal view
MARC view
- الإدارة التعليمية-جوانب نفسية. الإشراف التربوي-جوانب نفسية
Entry Topical Term
001 - CONTROL NUMBER
- control field: 19485
003 - CONTROL NUMBER IDENTIFIER
- control field: JO-AjAnu
005 - DATE AND TIME OF LATEST TRANSACTION
- control field: 20230606073414.0
008 - FIXED-LENGTH DATA ELEMENTS
- fixed length control field: 230606|| aca||aabn | a|a d
040 ## - CATALOGING SOURCE
- Original cataloging agency: JO-AjAnu
- Transcribing agency: JO-AjAnu
150 ## - HEADING--TOPICAL TERM
- Topical term or geographic name entry element: الإدارة التعليمية-جوانب نفسية. الإشراف التربوي-جوانب نفسية
670 ## - SOURCE DATA FOUND
- Source citation: Work cat.: (JO-AjAnu)10006: حسين،منصور مؤلف/زيدان،محمد مصطفى م.مشارك, author 19484, سيكولوجية الإدارة المدرسية والإشراف الفني